000 004170000a22001690004500
003 MACL
005 20160110174124.0
008 160110b xxu||||| |||| 00| 0 eng d
040 _aMACL
_cMACL
041 _aEnglish
082 _a923.2/TAG
100 _aVarma Rajendra
_931136
245 _aMy Early life
260 _bMachmillan & co
_c1958
_aNew Delhi
650 _aBiography
_931137
942 _cBK
_k923.2/ Tag
_2ddc
999 _c35410
_d35410